Virut học ( Sách dùng cho sinh viên ngành Khoa học tự nhiên)
Kiến thức chung về Virut: Khái niệm, các phương thức sinh sản, phân lập, nuôi cấy, dịch tễ, di truyền của virut... chẩn đoán các biện pháp chống virut. Các loại virut như virut Adeno, Pauo, Papova, Ketro, Prion...
Spremljeno u:
| Glavni autor: | |
|---|---|
| Format: | Knjiga |
| Jezik: | Undetermined |
| Izdano: |
Hà Nội
Giáo dục
2006
|
| Teme: | |
| Oznake: |
Dodaj oznaku
Bez oznaka, Budi prvi tko označuje ovaj zapis!
|
| Thư viện lưu trữ: | Trung tâm Học liệu Trường Đại học Cần Thơ |
|---|
| LEADER | 00940nam a2200241Ia 4500 | ||
|---|---|---|---|
| 001 | CTU_110667 | ||
| 008 | 210402s9999 xx 000 0 und d | ||
| 020 | |c 45000 | ||
| 082 | |a 579.2 | ||
| 082 | |b T600 | ||
| 100 | |a Phạm, Văn Ty | ||
| 245 | 0 | |a Virut học | |
| 245 | 0 | |b ( Sách dùng cho sinh viên ngành Khoa học tự nhiên) | |
| 245 | 0 | |c Phạm Văn Ty | |
| 260 | |a Hà Nội | ||
| 260 | |b Giáo dục | ||
| 260 | |c 2006 | ||
| 520 | |a Kiến thức chung về Virut: Khái niệm, các phương thức sinh sản, phân lập, nuôi cấy, dịch tễ, di truyền của virut... chẩn đoán các biện pháp chống virut. Các loại virut như virut Adeno, Pauo, Papova, Ketro, Prion... | ||
| 526 | |a Virus học nâng cao,Virus học | ||
| 526 | |b CS903,CS609 | ||
| 650 | |a Virology | ||
| 904 | |i Giang | ||
| 980 | |a Trung tâm Học liệu Trường Đại học Cần Thơ | ||